Problems of Development of Rural Space Economy

Bibliographic Details
Other Authors: Ivanička, Koloman, 1929-2014 (Author of introduction, etc.)
Format: Book
Language:English
Slovak
PhysicalDescription:231, [1] s., [10] s. čiast. fareb. fotogr., 8° [5] mp. príl.
Published: Bratislava Slovenské pedagogické nakladateľstvo 1971
Series:Acta geographica Universitatis Comenianae. Economico-Geographica
Subjects:

MARC

LEADER 00000cam a2200000 a 4500
001 vtls008308056
003 SK-MaSNL
005 20260302053300.0
008 230501s1971 xo od f n 000 0 eng
015 |a SNBA1972/01-00153 
035 |a SK01SNK19720000273 
035 |a 61CC3E43-6858-413A-8C07-EB7C4323876E 
035 |a urn:nbn:sk:snk-am00ihge 
035 |a 2EB148B4-76BB-4EA5-B9D7-951ECC3197FA 
035 |a urn:nbn:sk:snk-am00ibir 
035 |a SKM000002736 
040 |a SNK  |b slo  |c SNK  |e AACR2 
041 0 |a eng  |a slo 
044 |a xo  |c SK 
072 7 |a 911  |x Všeobecná geografia. Systematická geografia  |2 konspekt 
080 |a 911.373  |2 1981 
080 |a 911.3:33  |2 1981 
080 |a (082)  |2 1981 
245 0 0 |a Problems of Development of Rural Space Economy  |c edited by Koloman Ivanička 
246 3 1 |a Problémy vývoja ekonomiky rurálnej krajiny 
260 |a Bratislava  |b Slovenské pedagogické nakladateľstvo  |c 1971  |e Košice  |f Východoslovenské tlačiarne 
300 |a 231, [1] s., [10] s. čiast. fareb. fotogr.,  |c 8°  |e [5] mp. príl. 
366 |e 1180 výtl. 
490 1 |a Acta geographica Universitatis Comenianae. Economico-Geographica  |v Nr. 10 
504 |a Bibliografia v rámci jednotlivých príspevkov 
546 |a Súbežný názov a text slovensky 
650 0 7 |a vidiek  |2 SNKPH  |9 3814 
650 0 7 |a ekonomická geografia  |2 SNKPH  |9 841 
655 7 |a zborníky  |2 SNKPH  |9 70165 
700 1 |a Ivanička, Koloman,  |d 1929-2014  |4 aui  |9 87285 
830 0 |a Acta geographica Universitatis Comenianae. Economico-Geographica  |9 661048 
852 |a Slovenská národná knižnica 
954 |a odborná, vedecká literatúra pôvodná (slovenská)  |2 lita 
958 |a OND 
958 |a TL 
958 |a NB 
958 |a RK 
958 |a EUIPO 
999 |c 1108821  |d 1110751 
952 |a SNK  |b SNK  |y VYP  |7 0  |p 17A0498929  |o snkSC 28478 D1  |i snkKSP 462/72  |0 0  |1 0  |4 0  |d 2006-02-23  |l 0  |r 2026-02-24 17:53:32  |w 2026-02-24 
952 |a SNK  |b SNK  |y VYP  |7 0  |p 17A0498860  |o snkSC 28478/príl.1-5 D1  |i snkKSP 462/72  |0 0  |1 0  |4 0  |d 2006-02-23  |l 0  |r 2026-02-24 17:53:32  |w 2026-02-24 
952 |a SNK  |b SNK  |y PREZ  |7 0  |p 17A0939936  |o snkSC 28478  |i snkKSP 461/72  |0 0  |1 0  |4 0  |d 2012-09-23  |f 1  |l 0  |r 2025-09-11 00:00:00  |w 2026-02-24 
952 |a SNK  |b SNK  |y PREZ  |7 0  |p 17A0939934  |o snkSC 28478/príl.1-5  |i snkKSP 461/72  |3 1 voľná príloha (obsahuje 5 zložených listov)  |z 1 voľná príloha (obsahuje 5 zložených listov)  |0 0  |1 0  |4 0  |d 2012-09-23  |f 1  |l 0  |r 2025-09-11 00:00:00  |w 2026-02-24